000
00235nam a2200085Ia 4500
008
220204s9999 xx 000 0 und d
082
_a
339.1(540)
_b
REP
245
0
_a
Report of Indian trade and economic delegation to Australia
942
_c
BK
999
_c
22191
_d
22191